| 000 | 00976cab a2200229 4500 | ||
|---|---|---|---|
| 001 | X1741 | ||
| 008 | 090401t1994 xxu||||| |||| 00| 0 eng d | ||
| 035 | _a(Sirsi) u18984 | ||
| 041 | _aeng | ||
| 245 | _aChristchurch BC v SoS Environment and Barratt Southampton Ltd | ||
| 260 | _c1994 | ||
| 350 | _a0 | ||
| 490 |
_aProperty and Compensation Reports _v(1994) 68 P&CR 116- |
||
| 520 | _aCA 16 December 1993. Town and country planning - development proposed upon land informally used as public open space - permission granted by inspector on appeal - presumption in favour of development - whether onus of proof on objector or objectors - whether land would continue to be used as public open space if permission not granted. | ||
| 650 | _aCHRISTCHURCH BC V SOS ENVIRONMENT & BARRATT SOUTHAMPTON | ||
| 650 | _aPPG1 | ||
| 650 | _aPUBLIC OPEN SPACE | ||
| 650 | _aRECREATIONAL LAND | ||
| 690 | _aPLANNING LAW AND PRACTICE-CASE LAW | ||
| 942 | _n0 | ||
| 948 | _c04/03/1997 | ||
| 999 |
_c12632 _d12632 |
||